ბათუმის შოთა რუსთაველის სახელმწიფო უნივერსიტეტის ბიბლიოთეკა

The Cambridge Handbook of Applied Psychological Ethics / (ბიბ.ჩანაწერი № 59817)

000 -LEADER
fixed length control field 00691nam a22001937a 4500
005 - DATE AND TIME OF LATEST TRANSACTION
control field 20230424123815.0
008 - FIXED-LENGTH DATA ELEMENTS--GENERAL INFORMATION
fixed length control field 230424s2018 enk||||| |||| 00| 0 eng d
020 ## - INTERNATIONAL STANDARD BOOK NUMBER
International Standard Book Number 9781107561939x
041 ## - LANGUAGE CODE
Language code of text/sound track or separate title eng
080 ## - UNIVERSAL DECIMAL CLASSIFICATION NUMBER
Universal Decimal Classification number 174+616 The-44
245 ## - TITLE STATEMENT
Title The Cambridge Handbook of Applied Psychological Ethics /
Statement of responsibility, etc. Editors : Mark M. Leach, Elizabeth Reynolds Welfel.
264 ## - PRODUCTION, PUBLICATION, DISTRIBUTION, MANUFACTURE, AND COPYRIGHT NOTICE
Place of production, publication, distribution, manufacture Cambridge :
Name of producer, publisher, distributor, manufacturer Cambridge University Press,
Date of production, publication, distribution, manufacture, or copyright notice 2018.
300 ## - PHYSICAL DESCRIPTION
Extent 174 p.;
Other physical details 25 p.
653 ## - INDEX TERM--UNCONTROLLED
keyword პსიქოლოგია
653 ## - INDEX TERM--UNCONTROLLED
keyword ეთიკა
700 ## - ADDED ENTRY--PERSONAL NAME
Personal name Leach, Mark M.
Relator term რედაქტორი
9 (RLIN) 17755
700 ## - ADDED ENTRY--PERSONAL NAME
Personal name Reynolds Welfel, Elizabeth
Relator term რედაქტორი
9 (RLIN) 17756
942 ## - ADDED ENTRY ELEMENTS (KOHA)
Source of classification or shelving scheme
Koha item type წიგნი
ეგზემპლარები
Withdrawn status Lost status Source of classification or shelving scheme Damaged status Not for loan Permanent Location Current Location Shelving location Date acquired Cost, normal purchase price Full call number Barcode Date last seen Copy number Price effective from Koha item type Public note
          ბათუმის შოთა რუსთაველის სახელმწიფო უნივერსიტეტის მთავარი ბიბლიოთეკა ბათუმის შოთა რუსთაველის სახელმწიფო უნივერსიტეტის მთავარი ბიბლიოთეკა წიგნსაცავი 2023-04-24 174.00 174+616 The-44 29403 2023-04-24 29403 2023-04-24 წიგნი 174 ლ.